000 00554nam a2200205Ia 4500
003 OSt
005 20221007112252.0
006 a|||||r|||| 00| 0
007 ta
008 221006b |||||||| |||| 00| 0 eng d
024 _a25,857
037 _cAnnuals, Advances
040 _aLCO
_cLCO
_beng
041 _2eng
_aeng
245 0 _aECONIMIC AND POLITICAL WEEKLY
260 _aBombay
_bA Sameeksha trust publication India
_c1980
490 _v1073650 16 -1981
942 _cREF
999 _c1195420
_d1195420